000 00426nam a22001577a 4500
003 OSt
005 20170822175006.0
008 131218b xxu||||| |||| 00| 0 eng d
040 _aBSU
_bEnglish
_cBSU
082 _219
_a507.2 PRO
245 _aProfiles of Institutions for scintific exchange and training in the south
_c-
250 _a3rd ed.
260 _aItaly
_bTWNSO
_c2003
300 _axxxi,339p.
_c21 cm
942 _2ddc
_cBK
999 _c7475
_d7475